00434nam a22001577a 450000500170000001000150001702000260003203500140005803700130007208200060008510000260009124500440011726000400016127000520020130000230025320170509142124.0 aENG-118095 a9789382711599c200.00 aEN-101627 bDBAD/PUB aN aVerma, Arunendra Nath aThe loophole /cby Arunendra Nath Verma aNew DelhibVitasta Publishingc2015 a2/15, Ansari Road, Daryaganj New Delhi - 110002 a274p.c20cm. (pbk)